00806nam a2200181 a 450000100100000000500170001000800410002704000250006810000290009324501110012226000810023330000200031450400300033453400610036404900090042595201730043499900170060700002806320200930031323.0110406s1957 dr 000 0 spa d aDO-SdBNPbspacBNPHU1 aFignolé, Daniel95508713aEl Noroeste dominicano :b[Conferencia pronunciada el miércoles 2 de junio de 1948] /cDaniel Fignolé. aCiudad Trujillo, República Dominicana :bEdicones Ateno Dominicano,c1957. a30 p. ;c23 cm. aBibliografía : p. 29-30 aReproduciónbHaiticImprenta de A. P. Barthelemy, 1949 aBNPD 0010718PDaPDbPDcCTd2011-04-06iLF1l0o p28063-10r2020-06-25w2020-06-25yLFPDzPerteneció a la biblioteca personal de Carlos Larrabazal Blanco.ZNo se presta c27555d27555